British Rock Bands by Members - Statistics

General Stats
  • This quiz has been taken 297 times
  • The average score is 11 of 21
Answer Stats
Hint Answer % Correct
Starr, Harrison, Lennon, McCartney Beatles
96%
Mercury, May, Taylor, Deacon Queen
94%
Osbourne, Iommi, Bulter, Ward Black Sabbath
91%
Plant, Page, Jones, Bonham Led Zeppelin
82%
Gilmour, Waters, Wright, Mason Pink Floyd
80%
Daltry, Townshend, Entwistle, Moon The Who
78%
Clapton, Baker, Bruce Cream
71%
Knopfler, Knopfler, Illsley, Withers Dire Straits
69%
Strummer, Jones,Simonon, Headon The Clash
62%
Sumner, Summers, Copeland Police
53%
Davies, Davies, Quaife, Avory The Kinks
53%
Dickinson, Harris, McBain, Murray, Smith Iron Maiden
50%
Jones, Lydon, Matlock, Cook Sex Pistols
47%
Lynne, Bevan, Tandy, Groucutt ELO
35%
Weller, Foxton, Buckler The Jam
35%
Halford, Downing, Tipton, Hill, Holland Judas Priest
29%
Elliot, Allen Collen, Clark, Savage Def Leppard
27%
Holder, Hill, Lea, Powell Slade
25%
Rossi, Parfitt, Lancaster, Coghlan Status Quo
23%
Mogg, Schenker, Way, Raymond Parker UFO
6%
Morley, Bowes, James, Matthews, Childs Thunder
2%
No matching quizzes found
Score Distribution
Percent of People with Each Score
Percentile by Number Answered
Your Score History
You have not taken this quiz